01833cam a22003137a 450000100040000000500170000400800410002102000250006202000220008702000180010902000150012704000180014205000220016008200140018210000250019624500530022124600310027426000380030530000460034349000330038950000210042250000200044350500060046352009290046952100180139852100180141665000330143465000520146746320230425115143.0090519s2009 nyua j 001 1 eng  a9780756645298 (pbk.) a0756645298 (pbk.) a9780756645304 a0756645301 aIEPcIEPdDLC00aPZ7.T233bAw 200900a741.52231 aTeitelbaum, Michael.10aAwesome powers /cwritten by Michael Teitelbaum.38aWolverine : awesome powers aNew York :bDK Publishing,c2009. a48 pages :bcolor illustrations ;c23 cm.1 aDK readers. 3, reading alone a"Marvel"--Cover. aIncludes index. aK aOne of Marvel Comics' favorite characters, Wolverine is a mutant who possesses animal-like instincts, super-enhanced strength, and the ability to heal from any wound. While he was part of the Weapon X program his skeletal structure was bonded with the near-destructible alloy adamantium, and now very little can stop him. DK's publishing program celebrates Wolverine's classic comic book roots, with gorgeous imagery, classic story lines, and a nod to the franchise that Wolverine has become. Wolverine Reader Level 3 Awesome Powers Young readers will learn about Logan, his alter-ego Wolverine, and what it's like to have those crazy X-men claws! MARVEL, Wolverine and the distinctive likenesses thereof are trademarks of Marvel Characters, Inc., and are used with permission. _ Copyright (c) 2008 Marvel Characters, Inc. All rights reserved. www.marvel.com. This book is produced under license from Marvel Characters, Inc. a510 bLexile aK bRaz-Plus 0aHeroesvJuvenile literature. 0aComic books, strips, etc.vJuvenile literature.